[Event "GER-ch U10"]
[Site "Willingen"]
[Date "2008.05.11"]
[Round "7"]
[White "Brandl, Lea Maria"]
[Black "Palm, Soeren"]
[Result "0-1"]
[WhiteElo "972"]
[BlackElo "1261"]
[PlyCount "70"]
[EventDate "2008.05.11"]
[EventType "swiss"]
[EventRounds "11"]
[EventCountry "GER"]
[SourceTitle "CBM 124 Extra"]
[Source "ChessBase"]
[SourceDate "2008.07.03"]
[SourceVersion "1"]
[SourceVersionDate "2008.07.03"]
[SourceQuality "1"]

1. d4 d5 2. c4 e6 3. Nc3 Nf6 4. Nf3 Nbd7 5. Bg5 c6 6. e3 Qa5 7. Be2 dxc4 8. Bxc4 Ne4 9. Bf4 Bb4 10. 0-0 Nxc3 11. bxc3 Bxc3 12. Rb1 e5 13. Bxe5 Nxe5 14. Nxe5 0-0 15. Qf3 Qc7 16. Qh5 c5 17. Bd3 h6 18. Nf3 cxd4 19. exd4 Qd6 20. Ng5 Qxd4 21. Bc2 Qd2 22. Nxf7 Qxc2 23. Nd6 b6 24. Rbc1 Qd2 25. Ne4 Qxa2 26. Rxc3 Ba6 27. Rfc1 Bb7 28. f3 Bxe4 29. Qg4 Bf5 30. Qg3 Rac8 31. Rc7 Rxc7 32. Rxc7 Qa1+ 33. Kf2 Re8 34. f4 Qe1+ 35. Kf3 Re3# 0-1

[Event "GER-ch U10"]
[Site "Willingen"]
[Date "2007.06.01"]
[Round "9"]
[White "Lagunow, Elina"]
[Black "Palm, Soeren"]
[Result "1-0"]
[WhiteElo "1683"]
[BlackElo "1152"]
[PlyCount "41"]
[EventDate "2007.05.26"]
[EventType "swiss"]
[EventRounds "11"]
[EventCountry "GER"]
[SourceTitle "CBM 118 Extra"]
[Source "ChessBase"]
[SourceDate "2007.07.04"]
[SourceVersion "1"]
[SourceVersionDate "2007.07.04"]
[SourceQuality "1"]

1. e4 e6 2. d4 d5 3. Nd2 Nc6 4. Ngf3 Bd7 5. Bd3 Be7 6. 0-0 Bh4 7. g3 Be7 8. e5 Bg5 9. Nb3 Bxc1 10. Rxc1 Nge7 11. c3 0-0 12. Kg2 h6 13. g4 Re8 14. g5 hxg5 15. Nxg5 Ng6 16. f4 Nxf4+ 17. Rxf4 Qxg5+ 18. Rg4 Qd8 19. Qf3 Rf8 20. Qg3 Kh8 21. Qh3+ 1-0

[Event "GER-ch U10"]
[Site "Willingen"]
[Date "2007.06.01"]
[Round "10"]
[White "Palm, Soeren"]
[Black "Priese, Annika"]
[Result "0-1"]
[WhiteElo "1152"]
[BlackElo "1028"]
[PlyCount "140"]
[EventDate "2007.05.26"]
[EventType "swiss"]
[EventRounds "11"]
[EventCountry "GER"]
[SourceTitle "CBM 118 Extra"]
[Source "ChessBase"]
[SourceDate "2007.07.04"]
[SourceVersion "1"]
[SourceVersionDate "2007.07.04"]
[SourceQuality "1"]

1. e4 c5 2. Nf3 Nc6 3. Bc4 g6 4. Nc3 Bg7 5. 0-0 Nf6 6. Re1 d6 7. Bb5 Bd7 8. h3 0-0 9. d3 a6 10. Bxc6 Bxc6 11. Bg5 Qc7 12. Qd2 Rfe8 13. Bh6 Rad8 14. e5 Nd5 15. Bxg7 Kxg7 16. exd6 exd6 17. b3 Kg8 18. d4 Nxc3 19. Qxc3 Bxf3 20. Qxf3 cxd4 21. Red1 b5 22. Rac1 Qc3 23. Qxc3 dxc3 24. Rd3 b4 25. Rd4 a5 26. Rd5 Re5 27. Rcd1 Re2 28. Rc1 Ra8 29. Rxd6 a4 30. Rb6 axb3 31. axb3 Ra2 32. Rxb4 Raxc2 33. Rxc2 Rxc2 34. Rc4 Rc1+ 35. Kh2 Kf8 36. Kg3 Ke7 37. Kf3 Kd6 38. Ke3 Rc2 39. g3 Kd5 40. h4 f5 41. Kf3 Kd6 42. Ke3 Kd5 43. f3 Ke5 44. f4+ Kd5 45. Rd4+ Kc5 46. Rc4+ Kd5 47. Kf3 Rc1 48. Ke2 c2 49. Kd2 Rg1 50. Rc3 c1Q+ 51. Rxc1 Rxg3 52. Rh1 Rxb3 53. h5 Ke4 54. hxg6 hxg6 55. Rg1 Rb6 56. Rf1 Rb3 57. Ke2 Rb2+ 58. Ke1 Rb1+ 59. Ke2 Rxf1 60. Kxf1 Kxf4 61. Kg2 Ke3 62. Kg3 f4+ 63. Kh2 Ke2 64. Kh3 f3 65. Kg4 f2 66. Kh4 f1Q 67. Kg5 Ke3 68. Kh4 Qg1 69. Kh3 Kf3 70. Kh4 Qg4# 0-1

[Event "GER-ch U10"]
[Site "Willingen"]
[Date "2007.06.01"]
[Round "11"]
[White "Palm, Soeren"]
[Black "Stolberg, Daniel"]
[Result "0-1"]
[WhiteElo "1152"]
[BlackElo "1033"]
[PlyCount "120"]
[EventDate "2007.05.26"]
[EventType "swiss"]
[EventRounds "11"]
[EventCountry "GER"]
[SourceTitle "CBM 118 Extra"]
[Source "ChessBase"]
[SourceDate "2007.07.04"]
[SourceVersion "1"]
[SourceVersionDate "2007.07.04"]
[SourceQuality "1"]

1. e4 e5 2. Nf3 Nc6 3. Bc4 Bc5 4. Nc3 Nf6 5. 0-0 d6 6. h3 0-0 7. d3 Be6 8. Bb5 Nd4 9. Bg5 h6 10. Bh4 c6 11. Ba4 b5 12. Bb3 a5 13. Nxd4 Bxd4 14. Qe2 a4 15. Bxe6 fxe6 16. a3 Qe8 17. Rfe1 Qh5 18. Qxh5 Nxh5 19. Rf1 g5 20. g4 gxh4 21. gxh5 Ra7 22. Rae1 Rg7+ 23. Kh1 Rxf2 24. Rxf2 Bxf2 25. Re2 Bd4 26. Rg2 Rxg2 27. Kxg2 Kf7 28. Kf3 Kf6 29. Kg4 Bf2 30. Nd1 Bg3 31. c4 Be1 32. Ne3 Bf2 33. Nd1 Be1 34. cxb5 cxb5 35. Ne3 Bf2 36. Nd1 Be1 37. Nc3 Bxc3 38. bxc3 d5 39. Kxh4 d4 40. cxd4 exd4 41. Kg4 e5 42. Kf3 Kg5 43. Kg3 b4 44. axb4 a3 45. b5 a2 46. b6 a1Q 47. b7 Qa7 48. h4+ Kf6 49. Kg4 Qxb7 50. Kf3 Qf7 51. Kg4 Ke6 52. Kg3 Qf4+ 53. Kh3 Qe3+ 54. Kh2 Qxd3 55. Kg2 Qxe4+ 56. Kh3 d3 57. Kg3 d2 58. Kf2 d1R 59. Kg3 Rg1+ 60. Kh2 Qg2# 0-1

[Event "GER-ch U10"]
[Site "Willingen"]
[Date "2006.06.05"]
[Round "5"]
[White "Palm, Soeren"]
[Black "Schulze, Tabea"]
[Result "1-0"]
[WhiteElo "1023"]
[BlackElo "869"]
[PlyCount "74"]
[EventDate "2006.06.04"]
[EventType "swiss"]
[EventRounds "11"]
[EventCountry "GER"]
[SourceTitle "EXT 2007"]
[Source "ChessBase"]
[SourceDate "2006.11.23"]
[SourceVersion "1"]
[SourceVersionDate "2006.11.23"]
[SourceQuality "1"]

1. e4 e5 2. Nf3 Nc6 3. d4 Nf6 4. d5 Nd4 5. Nxe5 Bc5 6. b4 Bb6 7. c3 d6 8. Nc4 Nb5 9. Nxb6 axb6 10. Bxb5+ Bd7 11. Bxd7+ Qxd7 12. Nd2 0-0 13. Qc2 c6 14. dxc6 bxc6 15. Bb2 Rfe8 16. c4 d5 17. e5 Ng4 18. Qc3 Re6 19. g3 Nh6 20. Nf3 f6 21. Bc1 Nf5 22. g4 Ne7 23. Be3 Rb8 24. Bd4 b5 25. c5 Ra8 26. 0-0 Ng6 27. exf6 gxf6 28. Rae1 Rae8 29. Rxe6 Rxe6 30. Bxf6 Qf7 31. Bh8 Nxh8 32. Ng5 Qe7 33. Nxe6 Qxe6 34. Re1 Qf7 35. Re5 Ng6 36. Rg5 h6 37. Rf5 Qh7 1-0